Justin Bieber - As Long As You Love Me - Lyrics - Statistics

General Stats
  • This quiz has been taken 1,787 times
  • The average score is 98 of 139
Answer Stats
Lyrics % Correct
a
100%
As
99%
as
99%
long
99%
love
99%
me
99%
you
99%
You
99%
be
96%
I
95%
We
93%
we
93%
your
88%
could
86%
I'll
85%
broke
83%
gold
80%
homeless
79%
silver
78%
starving
78%
the
73%
to
71%
platinum
70%
in
68%
world
64%
my
63%
on
63%
no
62%
it
61%
people
60%
Seven
60%
billion
59%
girl
59%
pressure
59%
So
59%
under
59%
take
57%
fit
56%
together
56%
know,
54%
know
54%
trying
54%
We're
54%
will
54%
But,
53%
But
53%
is
53%
Keep
53%
heart
52%
Smile
51%
don't
50%
face
50%
even
49%
hey
48%
now,
48%
both
46%
though
46%
it's
45%
soldier
45%
can
44%
chances
44%
every
44%
cruel
43%
Fighting
43%
for
42%
hand
42%
of
42%
Child
41%
Destiny's
41%
day
40%
frowning
40%
second
39%
Just
38%
need
38%
cry
37%
and
35%
dreams,
34%
fly
33%
wings
32%
stress
27%
scene,
24%
whole
19%
No matching quizzes found
Score Distribution
Percent of People with Each Score
Percentile by Number Answered
Your Score History
You have not taken this quiz